[Event "ch-NOR 2013"]
[Site "Lillehammer NOR"]
[Date "2013.07.06"]
[Round "9.9"]
[White "Moen, Ole Christian"]
[Black "Lovik, Lasse Ostebo"]
[Result "1/2-1/2"]
[WhiteTitle "FM"]
[BlackTitle "FM"]
[WhiteElo "2234"]
[BlackElo "2311"]
[WhiteFideId "1500457"]
[BlackFideId "1505033"]
[EventDate "2013.06.29"]

1. e4 e6 2. d4 d5 3. e5 c5 4. c3 Qb6 5. Nf3 Bd7 6. Na3 Nh6 7. Qb3 Qxb3 8. axb3
Nf5 9. g4 Ne7 10. dxc5 h5 11. g5 Ng6 12. Be3 Be7 13. Nb5 Bxb5 14. Bxb5+ Nc6 15.
Nd4 Kd7 16. f4 Bxc5 17. Kd2 Ne7 18. Nc2 Bxe3+ 19. Nxe3 1/2-1/2

[Event "ch-NOR 2013"]
[Site "Lillehammer NOR"]
[Date "2013.07.06"]
[Round "9.11"]
[White "Kvisla, Johannes Luangtep"]
[Black "Holm, Kristian Stuvik"]
[Result "1/2-1/2"]
[BlackTitle "FM"]
[WhiteElo "2175"]
[BlackElo "2255"]
[WhiteFideId "1504533"]
[BlackFideId "1508083"]
[EventDate "2013.06.29"]

1. d4 Nf6 2. c4 e6 3. Nc3 Bb4 4. e3 Bxc3+ 5. bxc3 b6 6. f3 Bb7 7. Bd3 c5 8. Ne2
Nc6 9. O-O O-O 10. e4 d6 11. Be3 Rc8 12. Ng3 Na5 13. Rc1 Ba6 14. Qe2 Qd7 15. e5
Ne8 16. f4 f5 17. exf6 Nxf6 18. Nh5 Rce8 19. Nxf6+ Rxf6 20. Rf3 Qf7 21. Rh3 g6
22. g4 e5 23. g5 Rfe6 24. d5 R6e7 25. fxe5 Rxe5 26. Re1 Qe7 27. Rg3 Qd7 28. h4
Qg7 29. Rf1 Qe7 30. Rff3 Rf8 31. Rxf8+ Qxf8 32. h5 Qe8 33. hxg6 hxg6 34. Rf3
Bxc4 35. Kf2 Bxd3 36. Qxd3 Re4 1/2-1/2